|
|
|
|
| LEADER |
01175nam a2200265 a 4500 |
| 001 |
1538796 |
| 008 |
100209s1989 bg bb f000 0 eng d |
| 010 |
|
|
|a 90901994
|
| 040 |
|
|
|a DLC
|c DLC
|d DLC
|d BD-DhAAL
|
| 082 |
0 |
0 |
|a 333.3/1/5492
|2 2
|
| 100 |
1 |
|
|a Chowdhury, Abdul Muyeed.
|
| 245 |
1 |
0 |
|a Changes in land ownership and use in rural Bangladesh :
|b a study of seven mouzas of Bogra District, 1920-1987 /
|c Abdul Muyeed Chowdhury, M. Abdul Hakim, Shaikh Abdur Rashid.
|
| 260 |
|
|
|a Bogra, Bangladesh :
|b Rural Development Academy,
|c 1989.
|
| 300 |
|
|
|a 78 p., [13] p. of plates :
|b col. plans ;
|c 28 cm.
|
| 504 |
|
|
|a Includes bibliographical references.
|
| 500 |
|
|
|a Master microform held by : DLC
|
| 541 |
|
|
|e 00006425
|
| 650 |
|
0 |
|a Land tenure
|z Bangladesh.
|
| 650 |
|
0 |
|a Rural development
|z Bangladesh.
|
| 700 |
1 |
|
|a Hakim, Muhammed Abdul.
|
| 700 |
1 |
|
|a Rashid, S. A.
|q (Sheikh Abdur)
|
| 710 |
2 |
|
|a Pallī Unnaẏana Ekāḍemī (Bogra, Bangladesh)
|
| 852 |
4 |
|
|a Ayesha Abed Library
|j General shelf
|
| 999 |
|
|
|c 7425
|d 7425
|
| 952 |
|
|
|0 0
|1 0
|2 ddc
|4 0
|6 333_315492000000000_CHO_1989
|7 0
|9 7950
|a BRACUL
|b BRACUL
|c GEN
|d 2010-02-10
|l 0
|o 333.315492 CHO
|p 3010006425
|r 2010-02-10
|t 1
|w 2010-02-10
|y BK
|